[Une année a Florence / (Record no. 182034)
[ view plain ]
| 000 -LEADER | |
|---|---|
| campo de control de longitud fija | 01042nam a2200265 i 4500 |
| 001 - NÚMERO DE CONTROL | |
| campo de control | 182034 |
| 003 - IDENTIFICADOR DE NÚMERO DE CONTROL | |
| campo de control | ES-MaACL |
| 005 - FECHA Y HORA DE LA ÚLTIMA TRANSACCIÓN | |
| campo de control | 20250704062534.0 |
| 008 - DATOS DE LONGITUD FIJA--INFORMACIÓN GENERAL | |
| campo de control de longitud fija | 130524q18501899fr a | |||||||| ||fre d |
| 100 1# - ENTRADA PRINCIPAL--NOMBRE DE PERSONA | |
| Nombre de persona | Dumas, Alexandre, |
| Fechas asociadas al nombre | 1802-1870 |
| Término indicativo de función/relación | Autor |
| 9 (RLIN) | 241135 |
| 245 15 - MENCIÓN DEL TÍTULO | |
| Título | [Une année a Florence / |
| Mención de responsabilidad, etc. | par Alexandre Dumas]. |
| 260 ## - PUBLICACIÓN, DISTRIBUCIÓN, ETC. | |
| Lugar de publicación, distribución, etc. | [S.l. : |
| Nombre del editor, distribuidor, etc. | s.n., |
| Fecha de publicación, distribución, etc. | s.a.] ( |
| Lugar de fabricación/manufactura | Paris : |
| Fabricante | Imp. Simon Raçon) |
| 300 ## - DESCRIPCIÓN FÍSICA | |
| Extensión | P. [329]-502 : |
| Otras características físicas | il. ; |
| Dimensiones | 30 cm. |
| 490 1# - MENCIÓN DE SERIE | |
| Mención de serie | Oeuvres completes d'Alexandre Dumas |
| 594 ## - Nota al título y mención de responsabilidad | |
| Nota al título y mención de responsabilidad | Tit. y autor tomados de pag.1. |
| 594 ## - Nota al título y mención de responsabilidad | |
| Nota al título y mención de responsabilidad | Precede al tít.: Impressions de voyage. |
| 596 ## - NOTA AL PIE DE IMPRENTA | |
| NOTA AL PIE DE IMPRENTA | Impreso probablmente segunda mitad del siglo XIX. |
| 597 ## - NOTA DE DESCRIPCIÓN FÍSICA | |
| NOTA DE DESCRIPCIÓN FÍSICA | Texto a dos col. |
| 598 ## - NOTA LOCAL | |
| Nota local | Serie tomada de la cabecera de la página y al final del texto: "Fin d'une année a Florence et du tome huitième" |
| 599 ## - NOTA A LAS ILUSTRACIONES | |
| NOTA A LAS ILUSTRACIONES | La il. en pag.1. |
| 830 0# - PUNTO DE ACCESO ADICIONAL DE SERIE-TÍTULO UNIFORME | |
| Título uniforme | Oeuvres completes d'Alexandre Dumas |
| 9 (RLIN) | 191733 |
| 852 ## - LOCALIZACIÓN | |
| Ubicación | ES-MaACL |
| Número de control de estantería | R-1713(4) |
| condición física | .- Ejempl. sin portada en un vol. facticio |
| 942 ## - ELEMENTOS DE ENTRADA SECUNDARIOS (KOHA) | |
| Fuente del sistema de clasificación o colocación | Clasificación decimal universal |
| Estatus retirado | Estado de pérdida | Estado de daño | No para préstamo | Biblioteca de origen | Biblioteca actual | Ubicación en estantería | Fecha de adquisición | Fuente de adquisición | Total de préstamos | Signatura topográfica completa | Código de barras | Visto por última vez | Precio de reemplazo | Tipo de ítem Koha |
|---|---|---|---|---|---|---|---|---|---|---|---|---|---|---|
| Biblioteca del Ateneo de Madrid | Biblioteca del Ateneo de Madrid | Depósito | 24/05/2013 | R-1713(4) | 1191296 | 23/02/2023 | 23/02/2023 | Libro impreso |
